|
|
|
|
| LEADER |
00000cam a2200000 4500 |
| 001 |
vtls011754692 |
| 003 |
SK-MaSNL |
| 005 |
20260425231043.0 |
| 008 |
200316s2018 xo odblg n 000 0 slo |
| 015 |
|
|
|a SNBA2018/07
|
| 020 |
|
|
|a 9788097303518
|q (brožované)
|
| 035 |
|
|
|a urn:nbn:sk:snk-am00dh6n
|
| 035 |
|
|
|a urn:nbn:sk:snk-am3i24f
|
| 035 |
|
|
|a 97F0B9A7-966A-4F90-94F4-C9848E4A7519
|
| 040 |
|
|
|a SNK
|b slo
|c SNK
|e rda
|
| 041 |
0 |
|
|a slo
|
| 043 |
|
|
|a e-xo---
|
| 044 |
|
|
|a xo
|c SK
|
| 072 |
|
7 |
|a 338.3/.4
|x Hospodárske a výrobné odvetvia
|2 konspekt
|
| 080 |
|
|
|a 615.838
|2 2011
|
| 080 |
|
|
|a 338.48
|2 2011
|
| 080 |
|
|
|a 338.48-44(1-87)
|2 2001
|
| 080 |
|
|
|a 005.591
|2 2011
|
| 080 |
|
|
|a (437.6)
|2 2011
|
| 080 |
|
|
|a 613.47
|2 2011
|
| 080 |
|
|
|a 316.4.063.3
|2 2011
|
| 080 |
|
|
|a (048.8)
|2 2011
|
| 100 |
1 |
|
|a Kerekeš, Juraj,
|d 1952-
|4 aut
|4 pht
|9 37020
|
| 245 |
1 |
0 |
|a Kúpeľníctvo a jeho význam v turizme
|c Juraj Kerekeš ; fotografie Juraj Kerekeš, Stanislav Doktor
|
| 250 |
|
|
|a Prvé vydanie
|
| 264 |
|
3 |
|a Bratislava
|b [Juraj Kerekeš]
|c 2018
|
| 300 |
|
|
|a 285 strán
|b farebné fotografie, grafy, ilustrácie, mapy, tabuľky
|c 21 cm
|
| 336 |
|
|
|a text
|b txt
|2 rdacontent
|
| 337 |
|
|
|a bez média
|b n
|2 rdamedia
|
| 338 |
|
|
|a zväzok
|b nc
|2 rdacarrier
|
| 500 |
|
|
|a Vydavateľ podľa NA ISBN
|
| 504 |
|
|
|a Bibliografia na s. 255-260
|
| 650 |
0 |
7 |
|a kúpeľníctvo
|2 SNKPH
|9 1140
|
| 650 |
0 |
7 |
|a Balneology
|2 SNKPHeng
|9 266272
|
| 650 |
0 |
7 |
|a cestovný ruch
|2 SNKPH
|9 999
|
| 650 |
0 |
7 |
|a Tourism
|2 SNKPHeng
|9 266335
|
| 650 |
0 |
7 |
|a zahraničný cestovný ruch
|2 SNKPH
|9 20031
|
| 650 |
0 |
7 |
|a Autgoing tourism
|2 SNKPHeng
|9 416578
|
| 650 |
0 |
7 |
|a programy a projekty
|2 SNKPH
|9 82765
|
| 650 |
0 |
7 |
|a Programs and projects
|2 SNKPHeng
|9 274896
|
| 650 |
0 |
7 |
|a akvaparky
|2 SNKPH
|9 133412
|
| 650 |
0 |
7 |
|a Aquaparks
|2 SNKPHeng
|9 439222
|
| 650 |
0 |
7 |
|a cezhraničná spolupráca
|2 SNKPH
|9 4908
|
| 650 |
0 |
7 |
|a Transborder cooperation
|2 SNKPHeng
|9 312688
|
| 651 |
|
7 |
|a Slovensko
|2 SNKPH
|9 14231
|
| 651 |
|
7 |
|a Slovakia
|2 SNKPHeng
|9 92630
|
| 655 |
|
7 |
|a monografie
|2 SNKPH
|9 70139
|
| 655 |
|
7 |
|a Monographs
|2 SNKPHeng
|9 120675
|
| 700 |
1 |
|
|a Doktor, Stanislav
|4 pht
|9 439223
|
| 852 |
|
|
|a Štátna vedecká knižnica v Banskej Bystrici
|
| 919 |
|
|
|a 978-80-973035-1-8
|
| 958 |
|
|
|a NB
|
| 999 |
|
|
|c 693302
|d 695232
|
| 952 |
|
|
|a SNK
|b SNK
|y PREZ
|7 0
|p 17A1332017
|o snkSC 179864
|i snk2018/12690
|8 0
|0 0
|1 0
|4 0
|d 2018-06-12
|f 1
|l 0
|r 2026-02-23 20:33:35
|w 2026-02-23
|
| 952 |
|
|
|a SNK
|b SNK
|y VYP
|7 0
|p 17A1332018
|o snkSC 179864 D1
|i snk2018/12692
|8 0
|0 0
|1 0
|4 0
|d 2018-06-12
|l 0
|r 2026-02-23 20:33:35
|w 2026-02-23
|